000 00313 a2200157 4500
001 192942
020 _a978-85-7888-525-0
040 _cMagnum
100 _aAlencar, José de
240 1 0 _aIracema
_lpor
245 1 0 _aIracema
300 _a168
362 0 _a2015
697 _aLITERATURA GERAL
942 _cBK
999 _c192942
_d192942